Adolescencia y cultura en samoa /

Guardado en:
Autor Principal: Mead, Margaret
Formato: Libro
Publicado: México : Paidós, 1994
Materias:
Etiquetas: Agregar Etiqueta
Sin Etiquetas, Sea el primero en etiquetar este registro!
LEADER 00524nam a22001815a 4500
001 CEM.cems017606
005 20110527100632.0
008 130507s1994##################000#0#####d
003 CEMS
020 |a 9688531308 
082 0 4 |a 305.242 
100 1 |a Mead, Margaret 
245 1 0 |a Adolescencia y cultura en samoa /  |c Margaret Mead 
260 |a México :  |b Paidós,  |c 1994 
300 |a 306 p. 
505 0 |a Adolescencia y cultura en Samoa 
653 |a Adolescencia-samoa 
859 |a CEMS  |b BIB. CEMS - Agricultura  |h 305.242  |i M461  |p A0524.04  |t Ej.1